00814nam a22002057a 450000500170000000800410001702000180005805000240007624501260010025000110022626000980023730000300033550400360036561100420040165000580044370000220050170000250052370000250054870000350057320180914101918.0180904b mx ||||| |||| 00| 0 spa d a978607851904004aQL545.M67bM37 201710aMariposas diurnas b: Reserva de la biosfera Sierra de Huautla : Estado de Morelos, Méxicoc/ Luc legal, .... [et. al.] a1a ed. aMéxico : bUniversidad Autónoma del Estado de Morelos : bTrópico Seco editores, c2017 a328 p. : bil. ; c23 cm. aIncluye bibliografía e indice 4hReserva de la Biosfera Sierra Huautla 72lembaMariposasxIdentificaciónzMorelos (México)1 aLegal, Luceautor1 aDorado, Oscareautor1 aAlbre, Jeromeeautor1 aBermudez Torres, Kalinaeautor